000 00753nam a2200265 i 4500
003 DO-SdBNP
005 20240523111121.0
007 ta
008 240523b20uu dr ||||| |||| 00| 0 spa d
040 _aDO-SdBNP
_bspa
_cBNPHU
_erda
049 _aBNPD
082 _a234
_bW582ca
_222
100 _aWhite, Ellena G.,
_d1827-1915
_94351
240 _aSteps to Christ /
245 1 3 _aEl camino a Cristo /
_cElena G. de White.
264 1 _aSanto Domingo :
_bImpresos Rivera,
_c[20--].
300 _a128 páginas
_c13 cm.
336 _2rdacontent
_atexto
_btxt
337 _2rdamedia
_asin mediación
_bn
338 _2rdacarrier
_avolumen
_bnc
590 _aInventariado, 2024/ YL
650 4 _aSalvación
_93270
910 _aYLockward
942 _2ddc
_cLBS1
999 _c56735
_d56735